| 000 | 00567nam a2200181Ia 4500 | ||
|---|---|---|---|
| 008 | 151018s9999 xx 000 0 und d | ||
| 082 |
_bRBASDV33876 _a891.433 |
||
| 100 | _aकामतानाथ | ||
| 245 | _aसुबह होन तक | ||
| 250 | _b1 | ||
| 260 |
_bभारत ज्ञानव विज्ञान प्रकाशन _c2001 |
||
| 300 | _a103 | ||
| 600 | _aकामतानाथ | ||
| 630 | _aसुबह होन तक | ||
| 700 | _aकामतानाथ | ||
| 730 | _aसुबह होन तक | ||
| 942 | _cBOOK | ||
| 999 |
_c1033378 _d1033375 |
||